Indian friends / (Record no. 130294)

MARC details
000 -LEADER
fixed length control field 00639nam a22002297a 4500
005 - DATE AND TIME OF LATEST TRANSACTION
control field 20170124110110.0
010 ## - LIBRARY OF CONGRESS CONTROL NUMBER
LC control number A-124999
020 ## - INTERNATIONAL STANDARD BOOK NUMBER
Terms of availability 00.00
035 ## - SYSTEM CONTROL NUMBER
System control number A-124999
037 ## - SOURCE OF ACQUISITION
Source of stock number/acquisition Cen Lib/Ret
040 ## - CATALOGING SOURCE
Original cataloging agency DPL
Language of cataloging EN
082 ## - DEWEY DECIMAL CLASSIFICATION NUMBER
Classification number 921
Item number MUL
100 ## - MAIN ENTRY--PERSONAL NAME
Personal name Muller, Friedrich Max
9 (RLIN) 28827
245 ## - TITLE STATEMENT
Title Indian friends /
Statement of responsibility, etc by Friedrich Max Muller
260 ## - PUBLICATION, DISTRIBUTION, ETC. (IMPRINT)
Place of publication, distribution, etc New Delhi
Name of publisher, distributor, etc Amrit Book
Date of publication, distribution, etc 1982
270 ## - ADDRESS
City New Delhi
Address Connaught Circus
300 ## - PHYSICAL DESCRIPTION
Extent ix, 271p.
Dimensions 21cm(Hb)
500 ## - GENERAL NOTE
General note Includes index<br/>
650 ## - SUBJECT ADDED ENTRY--TOPICAL TERM
Topical term or geographic name as entry element India -- Biography
9 (RLIN) 73529
650 ## - SUBJECT ADDED ENTRY--TOPICAL TERM
Topical term or geographic name as entry element India -- Civilization
9 (RLIN) 12282
942 ## - ADDED ENTRY ELEMENTS (KOHA)
Source of classification or shelving scheme Dewey Decimal Classification
Koha item type English Books
Classification part 921
Call number suffix MUL
Holdings
Withdrawn status Lost status Damaged status Not for loan Home library Current library Date acquired Source of acquisition Cost, normal purchase price Total Checkouts Total Renewals Full call number Barcode Date last seen Date checked out Copy number Cost, replacement price Price effective from Koha item type
        Central Library Central Library 09/07/2015 Cen Lib/Ret 0.00 1 2 921 MUL A-124999 26/07/2023 14/06/2023 1 0.00 09/07/2015 English Books

© Delhi Public Library
Hit Counter
free hit counter